Národná rada Slovenskej republiky v parlamentnej forme vlády

Otázky, ktoré vplývaju na charakter parlamentu a jeho funkčnosti.

Na minha lista:
Detalhes bibliográficos
Autor principal: Nikodým, Dušan
Formato: Capítulo de Livro
Idioma:eslovaco
Assuntos:
Tags: Adicionar Tag
Sem tags, seja o primeiro a adicionar uma tag!

MARC

LEADER 00000naa a2200000 4500
001 0211206
005 20231208100724.5
041 0 |a slo 
044 |a SK 
245 1 0 |a Národná rada Slovenskej republiky v parlamentnej forme vlády  |c Dušan Nikodým 
520 |a Otázky, ktoré vplývaju na charakter parlamentu a jeho funkčnosti. 
610 2 0 |a parlamenty 
610 2 0 |a demokracia 
610 2 0 |a Slovensko 
610 2 0 |a strany politické 
100 1 |a Nikodým, Dušan